Spaces for consumption : (Record no. 856201)

MARC details
000 -LEADER
fixed length control field 01106nam a2200349 a 4500
001 - CONTROL NUMBER
control field vtls001395295
003 - CONTROL NUMBER IDENTIFIER
control field NLI
005 - DATE AND TIME OF LATEST TRANSACTION
control field 20210627112950.0
008 - FIXED-LENGTH DATA ELEMENTS--GENERAL INFORMATION
fixed length control field 121121s2010 enka e 001 0 eng d
020 ## - INTERNATIONAL STANDARD BOOK NUMBER
International Standard Book Number 9781412946650
Terms of availability £71.00
039 #9 - LEVEL OF BIBLIOGRAPHIC CONTROL AND CODING DETAIL [OBSOLETE]
-- 201211212114
-- krishanuc
040 ## - CATALOGING SOURCE
Original cataloging agency NLI
Language of cataloging eng
041 0# - LANGUAGE CODE
Language code of text/sound track or separate title eng
044 ## - COUNTRY OF PUBLISHING/PRODUCING ENTITY CODE
MARC country code enk
082 04 - DEWEY DECIMAL CLASSIFICATION NUMBER
Classification number 339.47
Edition number 22
100 1# - MAIN ENTRY--PERSONAL NAME
Personal name Miles, Steven
9 (RLIN) 975450
245 10 - TITLE STATEMENT
Title Spaces for consumption :
Remainder of title pleasure and placelessness in the post-industrial city/
Statement of responsibility, etc. Steven Miles
260 ## - PUBLICATION, DISTRIBUTION, ETC.
Place of publication, distribution, etc. London :
Name of publisher, distributor, etc. SAGE,
Date of publication, distribution, etc. 2010
300 ## - PHYSICAL DESCRIPTION
Extent [5], 209p. :
Other physical details ill.,
Dimensions 24cm.
504 ## - BIBLIOGRAPHY, ETC. NOTE
Bibliography, etc. note Includes bibliographical references and index
650 #0 - SUBJECT ADDED ENTRY--TOPICAL TERM
Topical term or geographic name entry element Consumption (Economics)
9 (RLIN) 733615
650 #0 - SUBJECT ADDED ENTRY--TOPICAL TERM
Topical term or geographic name entry element Cities and towns
887 ## - NON-MARC INFORMATION FIELD
Content of non-MARC field krishanu krishanu
901 ## - LOCAL DATA ELEMENT A, LDA (RLIN)
a 568473 :
b 13.09.12
902 ## - LOCAL DATA ELEMENT B, LDB (RLIN)
a E 339.47 M 597
904 ## - LOCAL DATA ELEMENT D, LDD (RLIN)
a krishanu
905 ## - LOCAL DATA ELEMENT E, LDE (RLIN)
a krishanu
949 ## - LOCAL PROCESSING INFORMATION (OCLC)
-- VIRTUAITEM
-- 10000
-- 100
6 PUR000568473ENG
942 ## - ADDED ENTRY ELEMENTS (KOHA)
Source of classification or shelving scheme Dewey Decimal Classification
Koha item type Books
Holdings
Withdrawn status Lost status Damaged status Not for loan Collection code Home library Current library Shelving location Date acquired Total Checkouts Full call number Barcode Date last seen Price effective from Koha item type
        New English National Library of India National Library of India New English - Main Stack Division     E 339.47 M 597 PUR000568473ENG 27/06/2021 27/06/2021 Books
                                                                           
web counter

Copyright ©2020 The National Library of India, Govt. of India ↔ Hosted by NVLI, MOC ↔ Technology and Design by National Library of India, Ministry of Culture, Govt. of India